Statistics for Top 10 Richest U.S. States by Median Income Quiz

Click here to take the quiz!

General Stats

  • This quiz has been taken 22 times
  • The average score is 9 of 10

Answer Stats

Answer% Correct
Alaska
100%
California
100%
Washington
100%
Hawaii
95%
Maryland
95%
Connecticut
89%
New Hampshire
84%
Massachusetts
79%
New Jersey
79%
Virginia
79%

Score Distribution

Percentile by Number Answered

Percent of People with Each Score

Your Score History

You have not taken this quiz